Chief Keef - Love Sosa Lyrics - Statistics

General Stats
  • This quiz has been taken 288 times
  • The average score is 251 of 451
Answer Stats
Answer % Correct
love
99%
so
99%
I
98%
Sosa
98%
B
97%
the
95%
B*tch
94%
b*tch
94%
a
92%
f*ck
89%
b*tches
88%
These
87%
these
87%
and
81%
'Go
79%
go
79%
with
79%
no
78%
No
78%
yo'
77%
you
74%
You
74%
F*ckin'
73%
get
72%
over
71%
boy
70%
them
70%
Rovers
69%
f*cked
68%
gon'
67%
gon
67%
'Raris
67%
Chief
66%
end
65%
it
63%
or
62%
do
61%
ho*s
61%
h*es
60%
that
60%
all
59%
boys
59%
Boys
59%
They
59%
they
59%
in
57%
Cobra
56%
know
55%
Know
55%
broke
53%
O-boys
53%
O-Boys
53%
We
53%
we
53%
Hit
52%
hit
52%
for
51%
he
50%
O-End
49%
ain't
48%
now
46%
of
43%
Y'all
43%
y'all
43%
slumped
42%
don't
41%
Don't
41%
God
41%
some
41%
Glo
40%
making
39%
my
39%
got
38%
I'm
38%
n*gga
38%
noise
38%
dope
37%
ha
36%
me
36%
GBE
35%
lots
34%
old
34%
him
33%
bands
31%
can
31%
full
29%
grown
29%
pants
29%
to
29%
clique
28%
hands
28%
Disrespect
27%
dough
26%
it's
26%
momma
26%
again
25%
from
25%
llama
25%
playin'
25%
She
25%
won't
25%
your
25%
be
24%
double-O
24%
drama
24%
speak
24%
friends
23%
swear
23%
think
23%
this
23%
use
23%
water
23%
clap
22%
commas
22%
he's
22%
landlord
21%
collect
20%
molly
20%
see
20%
six
20%
call
19%
convertible
19%
'Fore
19%
like
19%
make
19%
Ridin'
19%
cannot
17%
coca
17%
meet
17%
but
16%
Lambos
16%
soda
16%
three
16%
3hunna
15%
D. Rose
15%
cool
14%
gets
14%
hundred
14%
jockin'
14%
pole
14%
sell
14%
foreigns
13%
off
13%
done
12%
honored
12%
keep
12%
steady
12%
Tadoe
12%
trendin'
11%
cop
10%
topic
10%
price
9%
care
8%
I'll
8%
ah
7%
hah
7%
lava
7%
No matching quizzes found
Score Distribution
Percent of People with Each Score
Percentile by Number Answered
Your Score History
You have not taken this quiz